Sports Quiz

Random Sports or Football Quiz

2009-10 Pittsburgh Penguins Quiz Stats

Quiz not verified by Sporcle

Also try: NBA #1 Draft Picks
Challenge
Share
Tweet
Embed
Score 0/26 Timer 05:00
0 Plays Today
# Player % Correct
87Sidney Crosby
97%
71Evgeni Malkin
96%
29Marc-Andre Fleury
93.3%
58Kris Letang
87.2%
11Jordan Staal
86.7%
44Brooks Orpik
84%
1Brent Johnson
84%
24Matt Cooke
81.1%
48Tyler Kennedy
79.5%
25Maxime Talbot
79.2%
55Sergei Gonchar
78.8%
14Chris Kunitz
75.5%
9Pascal Dupuis
74.8%
# Player % Correct
27Craig Adams
67%
13Bill Guerin
65.5%
3Alex Goligoski
56.6%
7Mark Eaton
52.4%
28Eric Godard
48.7%
17Michael Rupp
48.7%
26Ruslan Fedotenko
48.2%
74Jay Mckee
42.9%
6Ben Lovejoy
41.8%
5Deryk Engelland
33.2%
41Martin Skoula
16%
12Christopher Bourque
8.8%
2Nathan Guenin
7.7%

You're not logged in!

Compare scores with friends on all Sporcle quizzes.
Sign Up with Email
OR
Log In

You Might Also Like...

Show Comments

Extras

Top Quizzes Today


Score Distribution

Your Account Isn't Verified!

In order to create a playlist on Sporcle, you need to verify the email address you used during registration. Go to your Sporcle Settings to finish the process.

Report this User

Report this user for behavior that violates our Community Guidelines.

Details: